Normal view
MARC view
Entry Personal Name
001 - CONTROL NUMBER
- control field: 5720
003 - CONTROL NUMBER IDENTIFIER
- control field: OSt
005 - DATE AND TIME OF LATEST TRANSACTION
- control field: 20150912001818.0
008 - FIXED-LENGTH DATA ELEMENTS
- fixed length control field: 150912|| aca||aabn | a|a d
040 ## - CATALOGING SOURCE
- Original cataloging agency: OSt
- Transcribing agency: OSt
100 ## - HEADING--PERSONAL NAME
- Personal name: Rosenthal, Ken S. ;Pfaller, Michael A.
670 ## - SOURCE DATA FOUND
- Source citation: Work cat.: (OSt): Murray, Patrick R. 1474, Medical microbiology, 2005
